000 01461cam a2200385 a 4500
001 EDZ0000117213
003 StDuBDS
005 20161031105149.0
006 m||||||||d||||||||
007 cr |||||||||||
008 130111s2012 caua fo| 0|0|0|eng|d
020 _a9781446262610 (ebook) :
_cNo price
040 _aStDuBDS
_beng
_cStDuBDS
_epn
049 _aAlfaisal Main Library
050 4 _aQP360
082 0 4 _a612.8
_223
245 0 0 _aNeuropsychology
_h[electronic resource] /
_cedited by Alastair D. Smith and Chris J.A. Moulin.
260 _aLos Angeles :
_bSAGE,
_c2012.
300 _a1 online resource (6 v.) :
_bill. (some col.).
490 1 _aSAGE benchmarks in psychology
520 8 _aThis six-volume collection provides a set of original sources that have proved to be popular, influential and enduring, and explicitly integrates modern neuroscience into neuropsychological endeavours.
521 _aSpecialized.
588 _aDescription based on print version record.
504 _aIncludes bibliographical references.
650 0 _aNeuropsychology.
650 0 _aBrain.
655 7 _aElectronic books.
_2local
700 1 _aSmith, Alastair D.
700 1 _aMoulin, Chris J. A.
710 2 _aSage eBooks
776 0 8 _iPrint version :
_z9780857022677
830 0 _aSAGE benchmarks in psychology.
856 4 0 _uhttp://ezproxy.alfaisal.edu/login?url=http://sk.sagepub.com/navigator/neuropsychology
942 _2lcc
_cEBOOKS
999 _c480739
_d480739